000 00764nam a2200241 i 4500
003 DO-SdBNP
005 20250623144631.0
007 ta
008 250623b2021 dr a|||b |||| 00| 0 spa d
040 _aDO-SdBNP
_bspa
_cBNPHU
_erda
082 _axxxx
_bR426
_222
110 _aRepública Dominicana.
_bMinisterio de Educación
245 1 4 _aLos trabajos para construir y cuidar una casa :
_bcuarto a sexto grado /
264 _aSanto Domingo :
_bMINERD,
_c[2021].
300 _a43 páginas :
_bilustraciones
_c28 cm.
336 _atexto
_btxt
_2rdacontent
337 _asin mediación
_bn
_2rdamedia
338 _avolumen
_bnc
_2rdacarrier
490 1 _aAprendemos en casa
_v4to a 6to.
590 _aInventariado, 2025/ YL
910 _aYlockward
942 _2ddc
_cLF2
999 _c59368
_d59368